[Event "FICGS W-ch st1 g02 email"]
[Site "FICGS email"]
[Date "2014.03.03"]
[Round "1"]
[White "Hoppenstein, Michael"]
[Black "Leurette, Marc Antoine"]
[Result "1-0"]
[WhiteElo "2135"]
[BlackElo "1198"]
[PlyCount "63"]
[EventDate "2014.??.??"]
[EventType "tourn (corr)"]
[EventRounds "8"]
[SourceTitle "Corr 2022"]
[Source "ChessBase"]
[SourceDate "2021.10.24"]
[SourceVersion "1"]
[SourceVersionDate "2021.10.24"]
[SourceQuality "1"]

1. d4 d5 2. c4 e6 3. Nc3 Nf6 4. cxd5 exd5 5. Bg5 Nbd7 6. e3 Be7 7. Bd3 c6 8. Qc2 g6 9. Nge2 Ne4 10. Bxe7 Qxe7 11. Bxe4 dxe4 12. Qxe4 Qxe4 13. Nxe4 0-0 14. Nf4 b6 15. h4 f5 16. Ng5 Nf6 17. Rc1 Bd7 18. h5 gxh5 19. Nxh5 Nxh5 20. Rxh5 Be8 21. Rxh7 Bg6 22. Rc7 Be8 23. Ke2 f4 24. Ne6 Rf7 25. Rxf7 Kxf7 26. Nxf4 Rc8 27. e4 c5 28. d5 Kf6 29. Ke3 Ke5 30. Rh1 a5 31. Rh6 b5 32. Nd3# 1-0

[Event "FICGS W-ch st1 g02 email"]
[Site "FICGS email"]
[Date "2014.03.03"]
[Round "1"]
[White "Hoppenstein, Michael"]
[Black "Vollmer, Steve"]
[Result "1-0"]
[WhiteElo "2135"]
[BlackElo "1634"]
[PlyCount "33"]
[EventDate "2014.??.??"]
[EventType "tourn (corr)"]
[EventRounds "8"]
[SourceTitle "Corr 2022"]
[Source "ChessBase"]
[SourceDate "2021.10.24"]
[SourceVersion "1"]
[SourceVersionDate "2021.10.24"]
[SourceQuality "1"]

1. d4 d5 2. c4 c6 3. Nf3 Nf6 4. Nc3 g6 5. cxd5 cxd5 6. Bf4 Bg7 7. e3 0-0 8. Bd3 Nc6 9. h3 Be6 10. 0-0 Nh5 11. Bh2 f5 12. Qb3 Na5 13. Qb4 Nf6 14. Rac1 a6 15. Na4 Ne4 16. Bc7 Nc6 17. Rxc6 1-0

[Event "FICGS W-ch st1 g02 email"]
[Site "FICGS email"]
[Date "2014.03.03"]
[Round "1"]
[White "Toutaoui, Khaled"]
[Black "Hoppenstein, Michael"]
[Result "0-1"]
[WhiteElo "1588"]
[BlackElo "2135"]
[PlyCount "98"]
[EventDate "2014.??.??"]
[EventType "tourn (corr)"]
[EventRounds "8"]
[SourceTitle "Corr 2022"]
[Source "ChessBase"]
[SourceDate "2021.10.24"]
[SourceVersion "1"]
[SourceVersionDate "2021.10.24"]
[SourceQuality "1"]

1. e4 c5 2. Nf3 d6 3. d4 cxd4 4. Nxd4 Nf6 5. Nc3 a6 6. f4 e5 7. Nf3 Nbd7 8. a4 Be7 9. Bc4 Qa5 10. Qe2 0-0 11. 0-0 exf4 12. Bxf4 Ne5 13. Bb3 Be6 14. Nd4 Qb6 15. Be3 Nfg4 16. a5 Qa7 17. Nd5 Bxd5 18. Bxd5 Nxe3 19. Qxe3 Ng4 20. Qd3 Bf6 21. c3 Be5 22. h3 Nf6 23. Kh1 Nxd5 24. exd5 Bxd4 25. cxd4 Qb8 26. b4 Qd8 27. Rac1 Rc8 28. Rxc8 Qxc8 29. b5 axb5 30. Qxb5 g6 31. Qb6 Qd7 32. Rc1 Re8 33. Rc7 Re1+ 34. Kh2 Qd8 35. Qxb7 Qf6 36. Qc8+ Kg7 37. Qg4 Qf2 38. Rc3 h5 39. Qf3 Qg1+ 40. Kg3 Qxd4 41. h4 Rh1 42. Qd3 Qxh4+ 43. Kf3 Qg4+ 44. Kf2 Qf4+ 45. Ke2 Qf1+ 46. Ke3 Qxg2 47. Qe2 Rh3+ 48. Kd2 Qxe2+ 49. Kxe2 Rxc3 0-1

[Event "FICGS W-ch st2 g03 email"]
[Site "FICGS email"]
[Date "2009.11.03"]
[Round "1"]
[White "Bellegotti, Giorgio"]
[Black "Hoppenstein, Michael"]
[Result "1/2-1/2"]
[WhiteElo "2003"]
[BlackElo "2139"]
[PlyCount "52"]
[EventDate "2009.??.??"]
[EventType "tourn (corr)"]
[EventRounds "8"]
[SourceTitle "Corr 2022"]
[Source "ChessBase"]
[SourceDate "2021.10.24"]
[SourceVersion "1"]
[SourceVersionDate "2021.10.24"]
[SourceQuality "1"]

1. d4 d5 2. c4 c6 3. Nf3 e6 4. e3 Nf6 5. Nc3 Nbd7 6. Bd3 Be7 7. 0-0 0-0 8. b3 b6 9. Bb2 Bb7 10. Qc2 h6 11. Rad1 Qc7 12. Rfe1 Rad8 13. cxd5 cxd5 14. Rc1 Qb8 15. Qe2 Ne4 16. Rc2 Rc8 17. Rec1 Nxc3 18. Rxc3 Rxc3 19. Rxc3 Rc8 20. Qc2 Rxc3 21. Qxc3 Bd6 22. Ne5 Nxe5 23. dxe5 Bf8 24. Qc2 Qd8 25. Bd4 Bb4 26. f3 Qe7 1/2-1/2

[Event "FICGS W-ch st2 g03 email"]
[Site "FICGS email"]
[Date "2009.11.03"]
[Round "1"]
[White "Hoppenstein, Michael"]
[Black "Blinchevsky, Alexander"]
[Result "1/2-1/2"]
[WhiteElo "2139"]
[BlackElo "2113"]
[PlyCount "53"]
[EventDate "2009.??.??"]
[EventType "tourn (corr)"]
[EventRounds "8"]
[SourceTitle "Corr 2022"]
[Source "ChessBase"]
[SourceDate "2021.10.24"]
[SourceVersion "1"]
[SourceVersionDate "2021.10.24"]
[SourceQuality "1"]

1. d4 d5 2. c4 c6 3. Nc3 Nf6 4. e3 e6 5. Nf3 Nbd7 6. Bd3 dxc4 7. Bxc4 b5 8. Bd3 Bb7 9. 0-0 a6 10. e4 c5 11. d5 Qc7 12. dxe6 fxe6 13. Bc2 Bd6 14. Ng5 Nf8 15. f4 0-0-0 16. Qe2 h6 17. Nf3 Bxf4 18. e5 Bxf3 19. Rxf3 Bxe5 20. a4 Ng4 21. g3 b4 22. Qxa6+ Qb7 23. Qxb7+ Kxb7 24. Nb5 Nd7 25. Rf7 Kb6 26. Bd1 h5 27. Bf4 1/2-1/2

[Event "FICGS W-ch st2 g01 email"]
[Site "FICGS email"]
[Date "2009.03.18"]
[Round "1"]
[White "Hoppenstein, Michael"]
[Black "Bleker, Frits"]
[Result "1/2-1/2"]
[WhiteElo "2178"]
[BlackElo "2200"]
[PlyCount "41"]
[EventDate "2009.??.??"]
[EventType "tourn (corr)"]
[EventRounds "8"]
[SourceTitle "Corr 2022"]
[Source "ChessBase"]
[SourceDate "2021.10.24"]
[SourceVersion "1"]
[SourceVersionDate "2021.10.24"]
[SourceQuality "1"]

1. d4 Nf6 2. c4 e6 3. Nc3 Bb4 4. Nf3 c5 5. g3 cxd4 6. Nxd4 0-0 7. Bg2 d5 8. Qb3 Bxc3+ 9. bxc3 e5 10. Nb5 dxc4 11. Qxc4 a6 12. Nc7 Ra7 13. Nd5 Nxd5 14. Qxd5 Qxd5 15. Bxd5 b5 16. c4 Bb7 17. 0-0 Bxd5 18. cxd5 Nd7 19. Bd2 f5 20. Rac1 Nf6 21. d6 1/2-1/2

[Event "FICGS rapid M 000016 email"]
[Site "FICGS email"]
[Date "2009.03.02"]
[Round "1"]
[White "Bernal Varela, Nelson"]
[Black "Hoppenstein, Michael"]
[Result "0-1"]
[WhiteElo "2139"]
[BlackElo "2178"]
[PlyCount "60"]
[EventDate "2009.??.??"]
[EventType "tourn (rapid)"]
[EventRounds "6"]
[SourceTitle "Corr 2022"]
[Source "ChessBase"]
[SourceDate "2021.10.24"]
[SourceVersion "1"]
[SourceVersionDate "2021.10.24"]
[SourceQuality "1"]

1. e4 c5 2. Nf3 Nc6 3. d4 cxd4 4. Nxd4 Nf6 5. Nc3 e5 6. Ndb5 d6 7. Bg5 a6 8. Na3 b5 9. Nd5 Be7 10. Bxf6 Bxf6 11. c3 Rb8 12. Nc2 0-0 13. h4 Be7 14. g3 Be6 15. a3 a5 16. Nce3 a4 17. Qd3 Re8 18. 0-0-0 Na5 19. Kb1 Nb3 20. Bg2 h6 21. Nxe7+ Rxe7 22. Qxd6 Rd7 23. Qxe5 Nd2+ 24. Ka1 b4 25. cxb4 Rd3 26. h5 Rc8 27. Nd5 Rc2 28. Rxd2 Rcxd2 29. Rc1 Re2 30. Qf4 Rdd2 0-1

[Event "FICGS rapid M 000016 email"]
[Site "FICGS email"]
[Date "2009.03.02"]
[Round "1"]
[White "Hoppenstein, Michael"]
[Black "Gray, Garvin"]
[Result "1/2-1/2"]
[WhiteElo "2178"]
[BlackElo "2146"]
[PlyCount "57"]
[EventDate "2009.??.??"]
[EventType "tourn (rapid)"]
[EventRounds "6"]
[SourceTitle "Corr 2022"]
[Source "ChessBase"]
[SourceDate "2021.10.24"]
[SourceVersion "1"]
[SourceVersionDate "2021.10.24"]
[SourceQuality "1"]

1. d4 d5 2. c4 e6 3. Nc3 Nf6 4. cxd5 exd5 5. Bg5 c6 6. e3 Be7 7. Bd3 Nbd7 8. Qc2 h6 9. Bh4 0-0 10. Nge2 Nh5 11. Bxe7 Qxe7 12. g4 Nhf6 13. h3 a5 14. Rg1 b5 15. h4 Nb6 16. g5 Ng4 17. Rg3 hxg5 18. hxg5 Re8 19. Bh7+ Kf8 20. Nf4 Qxg5 21. Nce2 Rb8 22. Qxc6 Bd7 23. Qc5+ Qe7 24. Bb1 Rec8 25. Qxe7+ Kxe7 26. Nc3 b4 27. Ncxd5+ Nxd5 28. Nxd5+ Kd6 29. Be4 1/2-1/2

[Event "FICGS rapid M 000011 email"]
[Site "FICGS email"]
[Date "2008.09.16"]
[Round "1"]
[White "Broniek, Mariusz Maciej"]
[Black "Hoppenstein, Michael"]
[Result "1/2-1/2"]
[WhiteElo "2102"]
[BlackElo "2110"]
[PlyCount "72"]
[EventDate "2008.??.??"]
[EventType "tourn (rapid)"]
[EventRounds "6"]
[SourceTitle "Corr 2022"]
[Source "ChessBase"]
[SourceDate "2021.10.24"]
[SourceVersion "1"]
[SourceVersionDate "2021.10.24"]
[SourceQuality "1"]

1. e4 c5 2. Nf3 e6 3. d4 cxd4 4. Nxd4 a6 5. Nc3 b5 6. Bd3 d6 7. 0-0 Nf6 8. Qe2 Be7 9. a4 b4 10. Na2 e5 11. Nf5 Bxf5 12. exf5 a5 13. Bb5+ Nbd7 14. Be3 0-0 15. Rfd1 Rc8 16. c3 d5 17. cxb4 axb4 18. Rac1 Bd6 19. Rxc8 Qxc8 20. Rc1 Qd8 21. Bd2 Nc5 22. Qd1 b3 23. Nb4 Qb6 24. Qe2 d4 25. g3 Rc8 26. Na6 e4 27. Qc4 Bf8 28. a5 Qd8 29. Bb4 d3 30. Nxc5 Bxc5 31. Bxc5 Qxa5 32. Kg2 d2 33. Rd1 e3 34. Qb4 Qa8+ 35. f3 Nd5 36. Qd4 Qa5 1/2-1/2

[Event "FICGS rapid M 000011 email"]
[Site "FICGS email"]
[Date "2008.09.16"]
[Round "1"]
[White "Cesbron, Guy"]
[Black "Hoppenstein, Michael"]
[Result "0-1"]
[WhiteElo "2135"]
[BlackElo "2110"]
[PlyCount "84"]
[EventDate "2008.??.??"]
[EventType "tourn (rapid)"]
[EventRounds "6"]
[SourceTitle "Corr 2022"]
[Source "ChessBase"]
[SourceDate "2021.10.24"]
[SourceVersion "1"]
[SourceVersionDate "2021.10.24"]
[SourceQuality "1"]

1. e4 c5 2. Nc3 a6 3. g3 b5 4. Bg2 Bb7 5. d3 e6 6. Nf3 d6 7. 0-0 Nd7 8. Ng5 Be7 9. f4 b4 10. Ne2 h6 11. Nh3 Ngf6 12. Nf2 Qc7 13. Be3 0-0 14. c3 a5 15. Qc2 Rfe8 16. a3 bxc3 17. bxc3 c4 18. d4 Rab8 19. Rab1 Bc6 20. g4 d5 21. e5 Nh7 22. Qa2 a4 23. Rxb8 Rxb8 24. Ra1 Ndf8 25. f5 Rb3 26. Bc1 f6 27. Qc2 fxe5 28. dxe5 Bc5 29. Nd4 Qxe5 30. Nxc6 Qe1+ 31. Bf1 Ng5 32. Kg2 Nf3 33. fxe6 Nxe6 34. Qe2 Rxc3 35. Qxe1 Nxe1+ 36. Kh1 Rc2 37. Be3 Bxe3 38. Rxe1 Rxf2 39. Rxe3 Rxf1+ 40. Kg2 Rf6 41. Ne7+ Kf7 42. Nxd5 Nf4+ 0-1

[Event "FICGS rapid M 000011 email"]
[Site "FICGS email"]
[Date "2008.09.16"]
[Round "1"]
[White "Hoppenstein, Michael"]
[Black "Koch, Christian"]
[Result "1/2-1/2"]
[WhiteElo "2110"]
[BlackElo "2197"]
[PlyCount "60"]
[EventDate "2008.??.??"]
[EventType "tourn (rapid)"]
[EventRounds "6"]
[SourceTitle "Corr 2022"]
[Source "ChessBase"]
[SourceDate "2021.10.24"]
[SourceVersion "1"]
[SourceVersionDate "2021.10.24"]
[SourceQuality "1"]

1. d4 d5 2. c4 c6 3. Nf3 Nf6 4. Qc2 g6 5. Bf4 Bf5 6. Qb3 Qb6 7. e3 Bg7 8. Nc3 0-0 9. Be2 Nbd7 10. h3 dxc4 11. Bxc4 Ne4 12. 0-0 Nxc3 13. bxc3 Qxb3 14. Bxb3 h6 15. Bh2 a5 16. a4 b5 17. axb5 cxb5 18. Bd5 Ra7 19. Bc6 Rc8 20. Bxb5 Rxc3 21. Rfe1 Nb6 22. Ne5 Bxe5 23. Bxe5 f6 24. Bb8 Ra8 25. Bf4 Be4 26. Rec1 Rxc1+ 27. Rxc1 a4 28. f3 Bd5 29. e4 Bb3 30. Bc7 a3 1/2-1/2

[Event "FICGS W-ch st1 g11 email"]
[Site "FICGS email"]
[Date "2008.07.08"]
[Round "1"]
[White "Pech, Jaroslav Sr"]
[Black "Hoppenstein, Michael"]
[Result "0-1"]
[WhiteElo "1752"]
[BlackElo "2087"]
[PlyCount "26"]
[EventDate "2008.??.??"]
[EventType "tourn (corr)"]
[EventRounds "8"]
[SourceTitle "Corr 2022"]
[Source "ChessBase"]
[SourceDate "2021.10.24"]
[SourceVersion "1"]
[SourceVersionDate "2021.10.24"]
[SourceQuality "1"]

1. e4 c5 2. Nf3 d6 3. d4 Nf6 4. Nc3 cxd4 5. Nxd4 g6 6. Be3 Bg7 7. f3 0-0 8. Qd2 Nc6 9. 0-0-0 Nxd4 10. Bxd4 Be6 11. Kb1 Qc7 12. g4 Rfc8 13. h4 h5 0-1

[Event "FICGS rapid A 000047 email"]
[Site "FICGS email"]
[Date "2008.06.14"]
[Round "1"]
[White "Hoppenstein, Michael"]
[Black "Riha, Josef"]
[Result "1-0"]
[WhiteElo "2065"]
[BlackElo "1976"]
[PlyCount "107"]
[EventDate "2008.??.??"]
[EventType "tourn (rapid)"]
[EventRounds "6"]
[SourceTitle "Corr 2022"]
[Source "ChessBase"]
[SourceDate "2021.10.24"]
[SourceVersion "1"]
[SourceVersionDate "2021.10.24"]
[SourceQuality "1"]

1. d4 d5 2. c4 dxc4 3. e3 e5 4. Bxc4 exd4 5. exd4 Bb4+ 6. Nc3 Nf6 7. Nf3 0-0 8. 0-0 Bg4 9. h3 Bh5 10. g4 Bg6 11. Qb3 Bxc3 12. bxc3 Nc6 13. Qxb7 Be4 14. Nd2 Na5 15. Qa6 Nxc4 16. Qxc4 Re8 17. Nxe4 Nxe4 18. Qd3 Qf6 19. f3 Ng3 20. Rf2 h5 21. Kg2 h4 22. Be3 Qd6 23. Qd2 Ne4 24. fxe4 Qg3+ 25. Kh1 Qxh3+ 26. Kg1 Rxe4 27. Bf4 Rae8 28. Rg2 c6 29. Rf1 R8e7 30. g5 R7e6 31. Be5 Rg6 32. Rf4 Rxf4 33. Qxf4 Qxc3 34. Kh2 Qe1 35. Qf5 Qe3 36. Qc8+ Kh7 37. Qg4 Kg8 38. Qxh4 f6 39. Qf4 Qxf4+ 40. Bxf4 fxg5 41. Rxg5 Rxg5 42. Bxg5 Kf7 43. Bd2 Ke6 44. Bb4 Kf6 45. Kg3 Kf5 46. Kf3 a6 47. Be1 g6 48. Ke3 Ke6 49. Ke4 Kd6 50. Bg3+ Ke6 51. d5+ Kd7 52. Kd4 g5 53. Kc5 Ke7 54. Kxc6 1-0

[Event "FICGS rapid A 000047 email"]
[Site "FICGS email"]
[Date "2008.06.14"]
[Round "1"]
[White "Wosch, Arkadiusz Janusz"]
[Black "Hoppenstein, Michael"]
[Result "1/2-1/2"]
[WhiteElo "1907"]
[BlackElo "2065"]
[PlyCount "66"]
[EventDate "2008.??.??"]
[EventType "tourn (rapid)"]
[EventRounds "6"]
[SourceTitle "Corr 2022"]
[Source "ChessBase"]
[SourceDate "2021.10.24"]
[SourceVersion "1"]
[SourceVersionDate "2021.10.24"]
[SourceQuality "1"]

1. e4 c6 2. d4 d5 3. exd5 cxd5 4. c4 Nf6 5. Nc3 e6 6. Nf3 Bb4 7. cxd5 Nxd5 8. Bd2 Nc6 9. Bd3 0-0 10. 0-0 Be7 11. a3 Bf6 12. Qc2 g6 13. Bh6 Re8 14. Rad1 Nxc3 15. bxc3 Bd7 16. Rfe1 e5 17. d5 Ne7 18. Ng5 Rc8 19. Ne4 Nf5 20. Be3 Be7 21. d6 Nxd6 22. Nxd6 Bxd6 23. Bxg6 hxg6 24. Rxd6 Re6 25. Rd5 Qc7 26. c4 Rc6 27. Qb2 Rxc4 28. Rxe5 Rc2 29. Qa1 a6 30. Re7 Qd6 31. Re4 Qc6 32. Rh4 f6 33. Rf4 Kf7 1/2-1/2

[Event "FICGS rapid A 000027 email"]
[Site "FICGS email"]
[Date "2007.09.25"]
[Round "1"]
[White "Hoppenstein, Michael"]
[Black "Schmid, Pablo"]
[Result "1-0"]
[WhiteElo "2000"]
[BlackElo "2006"]
[PlyCount "113"]
[EventDate "2007.??.??"]
[EventType "tourn (rapid)"]
[EventRounds "6"]
[SourceTitle "Corr 2022"]
[Source "ChessBase"]
[SourceDate "2021.10.24"]
[SourceVersion "1"]
[SourceVersionDate "2021.10.24"]
[SourceQuality "1"]

1. d4 Nf6 2. c4 g6 3. Nc3 d5 4. Nf3 Bg7 5. Qb3 dxc4 6. Qxc4 0-0 7. e4 Na6 8. Be2 c5 9. d5 e6 10. 0-0 exd5 11. exd5 Bf5 12. Rd1 Qb6 13. Nh4 Bd7 14. Rb1 Rfe8 15. Be3 Qa5 16. Nf3 Ng4 17. Bd2 Qb6 18. h3 Ne5 19. Nxe5 Bxe5 20. Be3 Rad8 21. b4 Bxc3 22. Qxc3 cxb4 23. Qd2 Qd6 24. Bxa6 Qxa6 25. Qxb4 Bf5 26. Qxb7 Qxb7 27. Rxb7 Be4 28. Rxa7 Rxd5 29. Ra1 Rd6 30. a4 Ra8 31. Re7 Bd5 32. a5 Rda6 33. Bh6 f6 34. Rg7+ Kh8 35. Rd7 Rxa5 36. Rc1 Be6 37. Re7 Bf5 38. g4 Bd3 39. Rc3 Bb1 40. g5 Rxg5+ 41. Bxg5 fxg5 42. Kg2 h5 43. Kg3 Bf5 44. h4 Kg8 45. Rcc7 Ra3+ 46. Kh2 Ra8 47. hxg5 Rd8 48. Kg3 Ra8 49. f3 Rd8 50. Kf4 Bb1 51. Rg7+ Kh8 52. Rh7+ Kg8 53. Rcg7+ Kf8 54. Ra7 Kg8 55. Ke5 Rc8 56. Rhg7+ Kh8 57. Rgc7 1-0

[Event "FICGS class C 000028 email"]
[Site "FICGS email"]
[Date "2007.09.10"]
[Round "1"]
[White "Sobrecases, Guy"]
[Black "Hoppenstein, Michael"]
[Result "0-1"]
[WhiteElo "2015"]
[BlackElo "2000"]
[PlyCount "120"]
[EventDate "2007.??.??"]
[EventType "tourn (corr)"]
[EventRounds "4"]
[SourceTitle "Corr 2022"]
[Source "ChessBase"]
[SourceDate "2021.10.24"]
[SourceVersion "1"]
[SourceVersionDate "2021.10.24"]
[SourceQuality "1"]

1. e4 Nf6 2. e5 Nd5 3. c4 Nb6 4. c5 Nd5 5. Bc4 c6 6. Nf3 e6 7. 0-0 Bxc5 8. d4 Be7 9. Nc3 b5 10. Bd3 b4 11. Ne4 Ba6 12. Bg5 0-0 13. Bxe7 Qxe7 14. a3 Nf4 15. Ne1 Bb5 16. Nd6 Nxd3 17. Nxd3 Na6 18. axb4 Bxd3 19. Qxd3 Nxb4 20. Qd2 Nd5 21. g3 Rfb8 22. f4 Qd8 23. f5 f6 24. Rae1 Qe7 25. Qc2 fxe5 26. dxe5 Rf8 27. Rf3 Rab8 28. Qf2 exf5 29. Nxf5 Qb4 30. Rf1 Qb6 31. Qxb6 axb6 32. Nd6 Nb4 33. Rf7 Rbd8 34. Re7 Rxf1+ 35. Kxf1 Nd5 36. Rf7 Ne3+ 37. Ke2 Ng4 38. Re7 Nxh2 39. Ke3 Ng4+ 40. Ke4 Nf2+ 41. Ke3 Nd1+ 42. Kd4 Nxb2 43. Nf5 Na4 44. Nxg7 Nc5 45. Nh5 Ne6+ 46. Ke3 Kf8 47. Rxh7 Ng5 48. Rg7 Nf7 49. Kf4 b5 50. Rh7 b4 51. Nf6 b3 52. Rh2 Ke7 53. Rb2 Rb8 54. Ne4 Rb4 55. Kf5 Nh6+ 56. Kf4 c5 57. Kf3 c4 58. Nc3 Ke6 59. Ke4 Nf7 60. Rf2 Nxe5 0-1

[Event "FICGS W-ch st1 g09 email"]
[Site "FICGS email"]
[Date "2007.01.16"]
[Round "1"]
[White "Hoppenstein, Michael"]
[Black "Miranda, Marcus"]
[Result "1/2-1/2"]
[WhiteElo "1994"]
[BlackElo "1481"]
[PlyCount "67"]
[EventDate "2007.??.??"]
[EventType "tourn (corr)"]
[EventRounds "8"]
[SourceTitle "Corr 2022"]
[Source "ChessBase"]
[SourceDate "2021.10.24"]
[SourceVersion "1"]
[SourceVersionDate "2021.10.24"]
[SourceQuality "1"]

1. d4 Nf6 2. Nf3 e6 3. e3 d5 4. Bd3 c5 5. c3 Nc6 6. Nbd2 Bd6 7. 0-0 0-0 8. e4 cxd4 9. cxd4 Nb4 10. Bb1 dxe4 11. Nxe4 Nxe4 12. Bxe4 f5 13. Bd3 Nxd3 14. Qxd3 Bd7 15. Ne5 Bxe5 16. dxe5 Bc6 17. Qxd8 Rfxd8 18. Be3 Rd5 19. f4 Rb5 20. Rf2 g5 21. fxg5 Rxe5 22. Re1 Rc8 23. a3 a6 24. g3 Bd5 25. Rd2 Kf7 26. Kf2 Re4 27. Rd4 Rxd4 28. Bxd4 Rc4 29. Be5 Kg6 30. h4 Kh5 31. Re3 Rc2+ 32. Re2 Rc5 33. Bd6 Rc8 34. Be5 1/2-1/2

[Event "FICGS class C 000011 email"]
[Site "FICGS email"]
[Date "2006.12.26"]
[Round "1"]
[White "Hoppenstein, Michael"]
[Black "Behrmann, Klaus"]
[Result "1-0"]
[WhiteElo "1822"]
[BlackElo "1900"]
[PlyCount "39"]
[EventDate "2006.??.??"]
[EventType "tourn (corr)"]
[EventRounds "4"]
[SourceTitle "Corr 2022"]
[Source "ChessBase"]
[SourceDate "2021.10.24"]
[SourceVersion "1"]
[SourceVersionDate "2021.10.24"]
[SourceQuality "1"]

1. d4 f5 2. g3 Nf6 3. Bg2 e6 4. c4 Be7 5. Nf3 0-0 6. 0-0 d5 7. b3 c5 8. cxd5 Nxd5 9. Bb2 cxd4 10. Nxd4 f4 11. Nc3 fxg3 12. hxg3 Nxc3 13. Bxc3 Qe8 14. Be4 Na6 15. Qc2 g6 16. Nf3 Nc5 17. Ne5 Nxe4 18. Qxe4 Rf5 19. g4 Rf8 20. f4 1-0